| 000 | 01167cam a2200349 i 4500 | ||
|---|---|---|---|
| 001 | 585 | ||
| 005 | 20230814100753.0 | ||
| 008 | 160406s2017 nyua j 6 000 1 eng | ||
| 020 | _a9780545803113 (hc) | ||
| 020 | _a9780545803120 (pb) | ||
| 020 | _z9780545803137 (ebk) | ||
| 040 |
_aDLC _beng _cDLC _erda |
||
| 050 | 0 | 0 |
_aPZ7.7.X8 _bNe 2017 |
| 082 | 0 | 0 |
_a741.5/973 _223 |
| 100 | 1 |
_aXu, Ru _eauthor _eartist |
|
| 245 | 1 | 0 |
_aNewsPrints / _cRu Xu. |
| 246 | 3 | _aNews prints | |
| 250 | _aFirst edition. | ||
| 260 |
_aNew York : _bScholastic. _c2017. |
||
| 300 |
_a198 pages : _bcolor illustrations ; _c24 cm |
||
| 505 | _aF | ||
| 520 | _aBlue is an orphan who disguises herself as a newsboy at the only paper in town that tells the truth during the war, but she struggles with her secret and befriends Crow, a boy who is also not what he seems. | ||
| 521 |
_a450
_bLexile 330GN |
||
| 521 |
_aF
_bRaz-Plus |
||
| 650 | 1 | _aGraphic novels. | |
| 650 | 1 |
_aNewspaper carriers _vFiction. |
|
| 650 | 1 |
_aOrphans _vFiction. |
|
| 650 | 1 |
_aFriendship _vFiction. |
|
| 655 | 0 | _aGraphic novels. | |
| 906 |
_a7 _bcbc _corignew _d2 _eepcn _f20 _gy-gencatlg |
||
| 942 |
_2ddc _cBK _n0 |
||
| 999 |
_c585 _d585 |
||